000 01087nam a2200313Ia 4500
005 20220317001315.0
008 161108s2006 ck a g 000 0 spa
020 _a9789583018428
082 0 4 _a304.8
_bR61g
100 1 _aRobson, Pam
245 1 0 _aGente y lugares
_cPam Robson ; traducción Sybell Holguín ; ilustrador Tony Kenyon
250 _a1a. edición
300 _a32 páginas
_bilustraciones en color
_c28 cm
490 _aJóvenes científicos
500 _aIncluye glosario e índice
534 _tPeople and places
650 1 4 _2LEMB
_aPoblación
_xEnseñanza elemental
650 1 4 _2LEMB
_aClimatología
_xEnseñanza elemental
650 1 4 _2LEMB
_aRecursos naturales
_xEnseñanza elemental
650 1 4 _2LEMB
_aContaminación
_xEnseñanza elemental
700 1 _aKenyon, Tony
_911820
700 1 _aHolguín Osorio, Sybell
_915109
942 _2ddc
_cBK
264 _aBogotá
_bPanamericana
_c2006
336 _atexto
_btxt
_2rdacontent
337 _asin mediación
_bn
_2rdamedia
338 _avolumen
_bnc
_2rdacarrier
040 _aCO-BoRNBP
_bspa
_erda
_cCO-BoRNBP
999 _c6570
_d6570